Interconnection Networks: An Engineering Approach (Record no. 1129)

MARC details
000 -LEADER
Fixed length control field 00484nam a2200169 4500
003 - CONTROL NUMBER IDENTIFIER
Control field SEACOMEC
005 - DATE AND TIME OF LATEST TRANSACTION
Control field 20240516151304.0
008 - FIXED-LENGTH DATA ELEMENTS--GENERAL INFORMATION
Fixed length control field 240516b |||||||| |||| 00| 0 eng d
020 ## - INTERNATIONAL STANDARD BOOK NUMBER / ISBN
International Standard Book Number 978-1-55860-852-8
Price 395.00
040 ## - CATALOGING SOURCE
Original cataloging agency SEACOMEC
082 ## - DEWEY DECIMAL CLASSIFICATION NUMBER
Classification number 004.6
Book Number D812
100 ## - MAIN ENTRY--PERSONAL NAME
Personal name Duato,, Jose
245 ## - TITLE STATEMENT
Title Interconnection Networks: An Engineering Approach
Statement of responsibility Jose Duato, Sudhakar Yalamanchili, and Ni Lionel
260 ## - IMPRINT
Place of publication New Delhi
Name of publisher Elsevier
Date of publication 2004
300 ## - PHYSICAL DESCRIPTION
Page / Vol. No 650p
942 ## - ADDED ENTRY ELEMENTS (KOHA)
Koha item type Books
Holdings
Withdrawn status Lost status Source of classification Damaged status Not for loan Home library Current library Date acquired Total Checkouts Call number Accession number Date last seen Price effective from Koha item type
    Dewey Decimal Classification     SEACOM ENGINEERING COLLEGE SEACOM ENGINEERING COLLEGE 16/05/2024   004.6 D812 5452 16/05/2024 16/05/2024 Books
© Seacom Engineering College, All rights reserved.      Powered by Koha